The 100 greatest novels of all time - Statistics

General Stats
  • This quiz has been taken 566 times
  • The average score is 31 of 94
Answer Stats
# Author(Year) Book Title Language % Correct
8 Jane Austen(1813) Pride and Prejudice English
82%
70 George Orwell(1949) Nineteen Eighty-Four English
81%
90 Leo Tolstoy(1865–69) War and Peace Russian
81%
17 Miguel de Cervantes(1605, 1615) Don Quixote Spanish
77%
82 William Shakespeare(1603) Hamlet English
76%
24 Fyodor Dostoevsky(1866) Crime and Punishment Russian
73%
63 Herman Melville(1851) Moby-Dick English
73%
13 Emily Brontë(1847) Wuthering Heights English
72%
69 Vladimir Nabokov(1955) Lolita English
71%
91 Leo Tolstoy(1877) Anna Karenina Russian
69%
45 Homer(8th century BCE) Odyssey Classical Greek
69%
47 James Joyce(1922) Ulysses English
67%
44 Homer(850–750 BCE) Iliad Classical Greek
66%
21 Charles Dickens(1861) Great Expectations English
65%
18 Geoffrey Chaucer(14th century) The Canterbury Tales English
63%
3 Dante Alighieri(1265–1321) Divina Commedia Italian
58%
27 Fyodor Dostoevsky(1880) The Brothers Karamazov Russian
57%
33 Gustave Flaubert(1857) Madame Bovary French
56%
93 Mark Twain(1884) Adventures of Huckleberry Finn English
55%
99 Virginia Woolf(1927) To the Lighthouse English
55%
89 Jonathan Swift(1726) Gulliver's Travels English
53%
14 Albert Camus(1942) The Stranger French
52%
84 William Shakespeare(1609) Othello English
51%
25 Fyodor Dostoevsky(1869) The Idiot Russian
51%
43 Ernest Hemingway(1952) The Old Man and the Sea English
51%
49 Franz Kafka(1925) The Trial German
51%
66 Toni Morrison(1987) Beloved English
50%
83 William Shakespeare(1608) King Lear English
49%
28 George Eliot(1781) Middlemarch English
49%
36 Gabriel García Márquez(1967) One Hundred Years of Solitude Spanish
47%
32 William Faulkner(1929) The Sound and the Fury English
47%
74 Marcel Proust(1913–27) In Search of Lost Time French
46%
98 Virginia Woolf(1925) Mrs Dalloway English
43%
54 D. H. Lawrence(1913) Sons and Lovers English
41%
1 Chinua Achebe(1958) Things Fall Apart English
41%
29 Ralph Ellison(1952) Invisible Man English
40%
37 Gabriel García Márquez(1985) Love in the Time of Cholera Spanish
39%
78 Salman Rushdie(1981) Midnight's Children English
39%
38 Johann Wolfgang von Goethe(1832) Faust German
38%
11 Giovanni Boccaccio(1349–53) The Decameron Italian
36%
31 William Faulkner(1936) Absalom, Absalom! English
34%
46 Henrik Ibsen(1879) A Doll's House Norwegian
34%
95 Virgil(29–19 BCE) Aeneid Classical Latin
33%
97 Walt Whitman(1855) Leaves of Grass English
33%
71 Ovid(1st century CE) Metamorphoses Classical Latin
30%
58 Astrid Lindgren(1945) Pippi Longstocking Swedish
30%
62 Thomas Mann(1924) The Magic Mountain German
30%
86 Stendhal(1830) The Red and the Black French
30%
87 Laurence Sterne(1760) Tristram Shandy English
28%
4 Anonymous(18th–17th century BCE) Epic of Gilgamesh Akkadian
26%
85 Sophocles(430 BCE) Oedipus the King Classical Greek
26%
40 Günter Grass(1959) The Tin Drum German
26%
39 Nikolai Gogol(1842) Dead Souls Russian
25%
20 Joseph Conrad(1904) Nostromo English
25%
50 Franz Kafka(1926) The Castle German
25%
9 Honoré de Balzac(1835) Le Père Goriot French
23%
53 Nikos Kazantzakis(1946) Zorba the Greek Greek
21%
75 François Rabelais(1532–34) The Life of Gargantua and of Pantagruel French
20%
61 Thomas Mann(1901) Buddenbrooks German
19%
42 Knut Hamsun(1890) Hunger Norwegian
18%
6 Anonymous(700–1500) One Thousand and One Nights Arabic
18%
30 Euripides(431 BCE) Medea Classical Greek
16%
64 Michel de Montaigne(1595) Essays French
15%
67 Murasaki Shikibu(11th century) The Tale of Genji Japanese
15%
81 José Saramago(1995) Blindness Portuguese
14%
57 Doris Lessing(1962) The Golden Notebook English
14%
23 Alfred Döblin(1929) Berlin Alexanderplatz German
12%
10* Samuel Beckett(1951–53) Molloy, Malone Dies, The Unnamable (a trilogy) French, English
12%
92 Leo Tolstoy(1886) The Death of Ivan Ilyich Russian
12%
68 Robert Musil(1930–32) The Man Without Qualities German
12%
12 Jorge Luis Borges(1944–86) Ficciones Spanish
11%
94 Valmiki(3rd century BCE – 3rd century CE) Ramayana Sanskrit
11%
34 Gustave Flaubert(1869) Sentimental Education French
11%
5 Anonymous(6th – 4th century BCE) Book of Job Hebrew
10%
26 Fyodor Dostoevsky(1872) The Possessed Russian
10%
16 Louis-Ferdinand Céline(1932) Journey to the End of the Night French
9%
88 Italo Svevo(1923) Confessions of Zeno Italian
8%
96 Vyasa(4th century BCE – 4th century CE) Mahabharata Sanskrit
8%
22 Denis Diderot(1796) Jacques the Fatalist French
7%
100 Marguerite Yourcenar(1951) Memoirs of Hadrian French
6%
72 Fernando Pessoa(1928) The Book of Disquiet Portuguese
5%
65 Elsa Morante(1974) History Italian
4%
55 Halldór Laxness(1934–35) Independent People Icelandic
4%
76 Juan Rulfo(1955) Pedro Páramo Spanish
4%
35 Federico García Lorca(1928) Gypsy Ballads Spanish
3%
80 Tayeb Salih(1966) Season of Migration to the North Arabic
3%
52 Yasunari Kawabata(1954) The Sound of the Mountain Japanese
3%
59 Lu Xun(1918) A Madman's Diary Chinese
2%
7 Anonymous(13th century) Njál's Saga Old Norse
2%
41 João Guimarães Rosa(1956) The Devil to Pay in the Backlands Portuguese
2%
79 Saadi(1257) Bostan Persian
1%
60 Naguib Mahfouz(1959) Children of Gebelawi Arabic
1%
77 Rumi(1258–73) Masnavi Persian
1%
51 Kālidāsa(1st century BCE – 4th century CE) Shakuntala Sanskrit
1%
No matching quizzes found
Score Distribution
Percent of People with Each Score
Percentile by Number Answered
Your Score History
You have not taken this quiz